Rxperimenty s rôznym efektom : Na Tatranskom pohári Popradčania zabrzdili až vo finále

Podrobná bibliografia
Hlavný autor: (zuk) (Author)
Médium: Článok
Jazyk:Slovak
Témy:
Zdroj: 1. Lúč 1. Roč. 7, č. 198(1998), dát. 0826, s. 12
LEADER 00783nab#a2200277#ar4500
001 000018513
003 SVKKK
005 00000000000000.0
008 c xo e sloo
FMT
038 |a SVKKK 
040 |a SVKKK  |b slo  |e AACR2 
041 0 |a slo 
044 |a xo  |c SK 
080 |a 796.96  |2 1981 
100 0 |a (zuk)  |4 aut 
245 1 0 |a Rxperimenty s rôznym efektom :  |b Na Tatranskom pohári Popradčania zabrzdili až vo finále  |c (zuk) , 
650 0 4 |a hokej ľadový  |z Tatranský pohár (turnaj medzinárodný), Poprad  |x ročník 51.  |x priebeh  |x hodnotenie  |x informácie 
773 0 |t Lúč  |g Roč. 7, č. 198(1998), dát. 0826, s. 12 
957 |a Poprad 
958 |a PP 
974 |d 981001  |a Čr 
992 |a RBX 
BAS
852 |a SVKKK  |b BIB 
998 |a REG